Statistiques concernant Capitales d'Amérique du Sud - AVEC CARTE

Cliquez ici pour prendre le quiz!

Statistiques générales

  • Ce quiz a été pris 181 fois
  • Le résultat moyen est 10 sur 12

Réponses sur la Carte

Les réponses sont colorées sur une échelle allant du rouge au vert en fonction du pourcentage des utilisateurs qui les ont devinées à leur premier essai. Vous pouvez retrouver ces pourcentages ci-dessous.
 

Statistiques - réponses

PaysCapitales% Correct
BrésilBrasilia
100%
ArgentineBuenos Aires
96%
BolivieLa Paz / Sucre
93%
ColombieBogota
89%
PérouLima
89%
ChiliSantiago
87%
VenezuelaCaracas
86%
UruguayMontevideo
85%
ParaguayAsunción
80%
ÉquateurQuito
79%
GuyanaGeorgetown
69%
SurinameParamaribo
68%

Distribution des résultats

Percentile par nombre de réponses

% des personnes avec chaque résultat

Votre développement - résultats

Vous n’avez pas pris ce quiz